[Event "Dortmund SuperGM 39th"]
[Site "Dortmund"]
[Date "2011.07.28"]
[Round "7"]
[White "Giri, Anish"]
[Black "Ponomariov, Ruslan"]
[Result "1-0"]
[WhiteElo "2701"]
[BlackElo "2764"]
[Annotator "Krasenkow,M"]
[PlyCount "127"]
[EventDate "2011.07.21"]
[EventType "tourn"]
[EventRounds "10"]
[EventCountry "GER"]
[EventCategory "20"]
[SourceTitle "CBM 144"]
[Source "ChessBase"]
[SourceDate "2011.09.16"]
[SourceVersion "1"]
[SourceVersionDate "2011.09.16"]
[SourceQuality "1"]

1. d4 Nf6 2. c4 e6 3. Nf3 d5 4. Nc3 Be7 5. Bf4 O-O 6. e3 Nbd7 7. a3 c5 8. cxd5
Nxd5 9. Nxd5 exd5 10. dxc5 Nxc5 11. Be5 Bg4 12. Be2 Bxf3 13. Bxf3 Bf6 14. Bxf6
Qxf6 {This line was examined in CBM 138, annotations to Mamedyarov-Kramnik by
GM M.Marin.} 15. Qc2 $5 $146 {[%mdl 8] This simple idea - just to capture the
d5 pawn avoiding the pin along the d-file - is surprisingly new!} (15. O-O {
was usually played:} Rfd8 $5 (15... Qxb2 16. Qxd5 Rac8 17. Rfd1 Qf6 18. Qd4 Qe7
19. Qb4 Rfd8 20. h3 (20. Rd4 $5) (20. a4 $5) 20... b6 21. a4 Rxd1+ 22. Rxd1 Rd8
23. Rd4 {1/2 Erdos,V (2591)-Nielsen,P (2687)/Germany 2009/CBM 133 Extra.}) (
15... Rad8 16. Rc1 $1 (16. Qd4 $6 Qxd4 17. exd4 Ne4 18. Rfd1 f5 {1/2 Kunte,A 
(2513)-Mas,H (2421)/Parramatta 2009/CBM 129 Extra}) 16... Ne6 17. Qb3 d4 18.
Qxb7 $14 {M.Marin}) 16. Rc1 Ne6 17. Qb3 d4 18. Qxb7 Rab8 19. Qxa7 Rxb2 20. Qa6
g6 21. a4 Kg7 $44 {1/2 Mamedyarov,S (2761)-Kramnik,V (2790)/Dortmund 2010/CBM
138/[Marin,M] (31)}) ({The other moves are harmless:} 15. Rc1 Rac8 16. Rc2 Ne4
17. O-O Qe5 18. Qc1 Rxc2 19. Qxc2 Ng5 20. Be2 Ne6 21. Bd3 g6 22. Rc1 Rd8 $11 {
1/2 Vorobiov,E (2592)-Grover,S (2411)/Kavala 2010/CBM 137 Extra (33)}) (15. Rb1
Rad8 16. O-O d4 17. Qc2 b6 18. exd4 Rxd4 19. Rbd1 Rfd8 20. Rxd4 Rxd4 21. Rd1 g6
{1/2 Kunte,A (2527)-Maheswaran,P (2297)/Gurgon 2009/CBM 128 Extra}) 15... Rac8
(15... Qxb2 $6 16. Qxb2 Nd3+ 17. Ke2 Nxb2 18. Bxd5 $16 {[%csl Rb7,Gd5]}) 16.
Bxd5 Rfd8 {After this White eventually keeps his extra pawn.} (16... Ne6 17.
Qa4 $1 (17. Qe2 $6 Nd4 $1 18. exd4 Rfe8 19. Be4 Qxd4 20. f3 f5) (17. Qd2 Rfd8
18. O-O Nc7 19. e4 Nxd5 20. exd5 Rc5 21. Rad1 Qd6 22. Rfe1 g6 $11 {[%cal Yc5d5]
}) 17... Nc5 18. Qb5 Qf5 19. Rd1 Rfd8 20. e4 Nxe4 21. O-O $14) 17. Rd1 Qe5 18.
Qc4 b5 (18... Qxb2 19. Bxf7+ Kh8 20. O-O Qxa3 21. Ra1 $16) (18... Ne6 19. Qb3
Nc5 20. Qa2) 19. Qa2 Rd7 20. O-O Na4 21. Bb3 (21. Be6 $1 {was probably even
better as after} Rxd1 22. Bxf7+ Kh8 23. Rxd1 Nxb2 24. Rb1 Na4 25. Qe6 {White's
kingside two-pawn advantage increases the importance of his bishop and
therefore his winning chances.}) 21... Rdc7 {Of course, evading} (21... Rxd1
22. Rxd1 Nxb2 23. Bxf7+ Kh8 {, which leads to the line from the previous
annotation.}) 22. Rd4 (22. Rd5 $143 Qxb2 23. Qxb2 Nxb2 24. Rxb5 Nc4) 22... Nb6
23. Rfd1 g6 24. Qb1 Kg7 25. g3 Nc4 26. Kg2 Qf6 27. Bxc4 {Of course, is it
difficult to convert White's extra pawn without minor pieces on the board but
Black's knight was too strong.} bxc4 28. Qe4 Re7 29. Qd5 c3 30. bxc3 Rxc3 31.
Rf4 Qc6 32. Qxc6 Rxc6 {[%mdl 4096]} 33. Rdd4 Rc2 34. Rd5 h5 35. Ra5 Rb7 36. h3
Ra2 37. Rfa4 Rbb2 38. Rf4 Rb7 39. g4 hxg4 40. hxg4 Rc7 41. Kg3 Rb2 42. g5 Rb1
43. Kg2 Rb2 44. Rfa4 Rcc2 45. Rf4 Rb7 46. Kg3 Rc1 47. Rd4 Rb2 48. Rf4 Rb7 49.
Rd4 Rb2 50. f3 a6 {Black must use tactical means to stay in the game.} (50...
Rb7 $5 51. Rda4 Rg1+ 52. Kf4 Rb2 53. Rb4 $1 (53. Rxa7 Rf2 {[%cal Yg1f1]}) 53...
Rh2 54. Ke4 Rc2) 51. Rxa6 Rb5 $2 (51... Rg1+ $8 52. Kf4 Rb5 {regaining the
g5-pawn and keeping some chances to survive, e.g.} 53. e4 Rgxg5 54. Ra7 Rg2 $1
55. Rdd7 $140 g5+ 56. Ke3 Rb3+) 52. f4 Rb3 53. Re4 Rcc3 54. a4 Rxe3+ 55. Rxe3
Rxe3+ {This way Black has regained one of the missing pawns as well but the
resulting endgame is lost for him as his king is caged in the corner.} 56. Kf2
Ra3 57. Ra7 Kf8 58. a5 Ke8 59. a6 Kf8 60. Ke2 Ke8 (60... Kg7 61. Kd2 Ra4 62.
Kc3 Rxf4 63. Rd7 Ra4 64. a7 $18 {- Black has no moves on the kingside, and
White's king goes forward.}) 61. Ra8+ Kd7 62. a7 Kc6 63. Rc8+ Kb7 64. Rf8 1-0

[Event "Sinquefield Cup 5th"]
[Site "Saint Louis"]
[Date "2017.08.08"]
[Round "6"]
[White "Carlsen, Magnus"]
[Black "Nakamura, Hikaru"]
[Result "1/2-1/2"]
[WhiteElo "2822"]
[BlackElo "2792"]
[Annotator "Krasenkow,M"]
[PlyCount "188"]
[EventDate "2017.08.02"]
[EventType "tourn"]
[EventRounds "9"]
[EventCountry "USA"]
[EventCategory "22"]
[SourceTitle "CBM 180"]
[Source "ChessBase"]
[SourceDate "2017.09.13"]
[SourceVersion "1"]
[SourceVersionDate "2017.09.13"]
[SourceQuality "1"]

1. d4 Nf6 2. c4 e6 3. Nf3 d5 4. Nc3 Be7 5. Bf4 O-O 6. e3 c5 7. dxc5 Bxc5 8.
cxd5 Nxd5 9. Nxd5 exd5 10. Bd3 Bb4+ 11. Nd2 {This doesn't look like a
dangerous continuation. The knight will return to f3 losing precious time.
Still, Black's isolated d5 pawn requires accurate play from him.} (11. Ke2 {
is the main line.}) 11... Nc6 12. O-O Be7 (12... Be6 13. Nf3 (13. Nb3 Qf6 14.
a3 Be7 15. Qd2 Rfd8 16. Nd4 Nxd4 17. exd4 Bf5 $11 {1/2 (21) Yu,Y (2738)
-Nakamura,H (2785) Caleta 2017}) 13... Be7 (13... Bg4 14. h3 Bh5 15. Be2 Re8
16. Rc1 Be7 17. Ne5 Bxe2 18. Qxe2 Qb6 19. Rfd1 Rad8 20. Qc2 Nxe5 21. Bxe5 Rd7
22. Rd3 $14 {1-0 (54) Gabriel,R (2255)-Klovans,J (2440) Schwaebisch Gmuend 1993
}) 14. Rc1 Bf6 15. a3 Qe7 16. b4 a6 17. h3 Rac8 18. Rc5 a5 19. Qb1 axb4 20.
axb4 {1-0 (33) Nepomniachtchi,I (2742)-Nakamura,H (2792) Saint Louis 2017} h6
$11) 13. Rc1 (13. Nb3 Bf6 14. Qd2 Be6 15. Rac1 Rc8 16. Nc5 Qe7 17. Rc2 Ne5 18.
Nxe6 Qxe6 19. Bxe5 Bxe5 20. Rfc1 Rxc2 21. Qxc2 g6 $11 {1/2 (34) Lputian,S 
(2495)-Timoscenko,G (2440) Irkutsk 1983}) (13. a3 Bf6 14. Nf3 (14. Rc1 g6 15.
b4 a5 16. b5 Ne5 17. Be2 Be6 18. Nb3 Qe7 19. a4 Rfd8 20. Nd4 Nc4 21. b6 {
1/2 (41) Kalinitschew,S (2426)-Meier,G (2644) Apolda 2017} Nb2 22. Qb3 Bxd4 23.
exd4 Nc4 $11) (14. Qc2 g6 (14... h6 15. Nb3 Re8 16. Rab1 Qe7 17. Qc5 Ne5 18.
Qxe7 Rxe7 19. Bxe5 Bxe5 20. Rfc1 Be6 $11 {1/2 (24) Blagojevic,N (2300)
-Abramovic,B (2500) Niksic 1997}) 15. Rac1 Be6 16. Nb3 Rc8 17. Nc5 Ne5 18. Bxe5
Bxe5 19. f4 Bg7 20. Nxe6 {1/2 (20) Korchnoi V (2634)-Kasimdzhanov R (2653)
Bled (ol) 2002 2003}) 14... Qe7 15. h3 g6 16. Qd2 Be6 17. Rac1 Rfd8 18. b4 a6
19. Rc2 Qd7 20. Rfc1 Bf5 21. Bxf5 Qxf5 22. Bc7 Rd7 23. Bb6 Qe4 24. Rd1 Bd8 25.
Bc5 Bc7 26. Qd3 Rad8 27. Rcd2 Qxd3 28. Rxd3 f6 $11 {1/2 (76) Giri,A (2771)
-Karjakin,S (2781) Stavanger 2017}) 13... Bf6 14. Nf3 (14. Qb3 Qb6 15. Qxd5 Nb4
16. Qe4 Nxd3 17. Qxd3 Rd8 18. Qc2 Qxb2 19. Ne4 Qxc2 20. Nxf6+ gxf6 21. Rxc2 Be6
22. Rfc1 {1/2 (22) Nyback,T (2639)-Solozhenkin,E (2511) Finland 2009}) 14...
Qe7 (14... Bxb2 15. Bxh7+ Kxh7 16. Qc2+ Kg8 17. Qxb2 {is favourable for White:
the isolani is still on the board, and the position of Black's king is now
weak.}) ({but} 14... Re8 15. h3 Qb6 {was probably more active.}) (14... Be6 $5
{transposes to Nepomniachtchi - Nakamura (see above).}) 15. h3 g6 16. Bb5 $5
Bd7 (16... Bxb2 17. Bxc6 Bxc1 (17... bxc6 18. Rxc6 $14) 18. Bxd5 {[%cal Rd1c1,
Rf4d6]} Ba3 19. Bh6 {[%cal Rd1d4]} Be6 20. Qd4 f6 21. Bxf8 Kxf8 22. Bxe6 Qxe6
23. Rd1 $14 {[%csl Rf8]}) 17. Qxd5 Be6 (17... Bxb2 18. Rb1 Be6 19. Qd2 Ba3 20.
Bh6 Rfc8 21. Ng5 $36) 18. Qe4 (18. Qc5 $5 Qxc5 19. Rxc5 Bxa2 (19... Bxb2 20.
Ng5) 20. Bxc6 bxc6 21. Rxc6 $14 {, and Black should hold this ending with
accurate defence.}) 18... Bxb2 (18... Bxa2 19. Bxc6 bxc6 20. Qxe7 Bxe7 21. Nd4
$16) 19. Bxc6 f5 $1 {An excellent defence.} (19... Bxc1 $2 20. Bxb7 $16) (19...
bxc6 20. Rxc6 $16) 20. Bg5 (20. Qb1 Bxc1 21. Qxb7 (21. Bxb7 Bxe3 $1 22. fxe3
Rab8 $11) 21... Qxb7 22. Bxb7 Rac8 23. Bxc8 Rxc8 {, and Black should not lose.}
) 20... fxe4 21. Bxe7 Bxc1 22. Bxb7 (22. Bxf8 bxc6 23. Nd4 Bxa2 24. Rxc1 Kxf8
25. Nxc6 Bd5 26. Nb4 Be6 27. Na6 Rc8 28. Rxc8+ Bxc8 29. Nc5 a5 $11) 22... Bxe3
$1 23. Bxf8 Rxf8 24. fxe3 exf3 25. Bxf3 Rb8 $14 {[%mdl 4096] White's extra
e3-pawn (rather weak than passed) can hardly be converted but the World
Champion manages to create good chances from nothing.} 26. a4 Rb4 27. Bc6 Rc4
28. Bb5 Re4 29. Rd1 a6 30. Bxa6 Rxa4 31. Bb7 Kf7 32. Kf2 Kf6 33. Bd5 Bf5 34. g4
Be6 35. Kf3 Ra5 36. Bxe6 Kxe6 37. h4 Ra2 (37... h5 $5 38. g5 Ra2 {[%cal Ya2h2]}
) 38. Rb1 Ra7 39. Kf4 Ra4+ $2 {It was necessary to prevent the invasion of
White's king:} (39... h6) 40. e4 Ra7 (40... h6 {is too late now:} 41. Rb6+ Kf7
42. h5 gxh5 43. gxh5 Kg7 44. Rg6+ Kh7 45. Kf5 $18) 41. Rb6+ $2 {The time
control is over so Magnus Carlsen's indecision is strange.} (41. Kg5 $1 Ke5 42.
Rf1 $1 Kxe4 43. Kh6 $18 {[%cal Yg4g5,Yf1f8,Yf8h8] (indicated by GM Sergey
Grigoriants)}) 41... Kf7 42. Rc6 Rd7 43. g5 $2 {Closing the way for his own
king, after which Black successfully defends without major problems.} ({
According to various commentators,} 43. h5 $1 {was still winning - in a much
more complicated way, though.}) 43... Ra7 44. Ke5 Re7+ 45. Kd5 Rd7+ 46. Rd6 Ra7
47. Rf6+ Ke7 48. Rc6 Rd7+ 49. Ke5 Ra7 50. Rc5 Rd7 51. Ra5 Kf7 52. Ra1 Re7+ 53.
Kf4 Rb7 54. Ra6 Rc7 55. Kg4 Re7 56. Rf6+ Ke8 57. Kf4 Ra7 58. Rb6 Kf7 59. Ke5
Re7+ 60. Kd5 Rd7+ 61. Rd6 Ra7 62. Rd8 Ra5+ 63. Kd4 Ra4+ 64. Ke5 Ra5+ 65. Kf4
Ra7 66. Rd4 Ke6 67. Rb4 Rf7+ 68. Ke3 Ra7 69. Rb8 Re7 70. Rh8 Ra7 71. Re8+ Kf7
72. Rb8 Ke6 73. Rb6+ Kf7 74. Kf4 Re7 75. Rf6+ Ke8 76. h5 {The last attempt.}
gxh5 77. e5 Rf7 $1 78. Ke4 (78. Kg3 Re7 79. e6 Ra7 80. Kh4 Ra1 81. Kxh5 Rh1+
82. Kg4 Ke7 $11) 78... Rg7 79. Kf5 Rf7 80. Kf4 h4 81. Kg4 Re7 82. e6 Ra7 83.
Rh6 (83. Kxh4 Ra1) 83... Kf8 84. Kxh4 Ra4+ 85. Kh5 (85. Kg3 Ke7) 85... Re4 86.
Rf6+ Kg7 87. Rf7+ Kg8 88. Re7 Kf8 89. Rxh7 Rxe6 90. Rh6 Re1 91. Ra6 Kg7 92.
Ra7+ Kg8 93. Kh6 Re6+ 94. g6 Re8 1/2-1/2

[Event "Sinquefield Cup 2nd"]
[Site "Saint Louis"]
[Date "2014.09.03"]
[Round "7"]
[White "Topalov, Veselin"]
[Black "Aronian, Levon"]
[Result "1/2-1/2"]
[WhiteElo "2772"]
[BlackElo "2805"]
[Annotator "Krasenkow,M"]
[PlyCount "79"]
[EventDate "2014.08.27"]
[EventType "tourn"]
[EventRounds "10"]
[EventCountry "USA"]
[EventCategory "23"]
[SourceTitle "CBM 162"]
[Source "ChessBase"]
[SourceDate "2014.09.17"]
[SourceVersion "1"]
[SourceVersionDate "2014.09.17"]
[SourceQuality "1"]

1. d4 Nf6 2. c4 e6 3. Nf3 d5 4. Nc3 Nbd7 5. g3 dxc4 6. Bg2 {A rare move order.
Now we have an "unusual Catalan" with 5...Nbd7?! 6.Nc3?!} Rb8 {[%cal Yb7b5]} 7.
a4 (7. Qa4 a6 {leads to a harmless line of the Catalan (with 5.Qa4+).}) 7...
Bb4 (7... b6 8. Nd2 Bb7 9. Bxb7 Rxb7 10. Nxc4 Be7 11. O-O O-O 12. e4 $14 {
1-0 (41) Kallio,H (2410)-Berkes,F (2393) Budapest 2001}) (7... a6 8. O-O (8. e4
Bb4 9. e5 Nd5 10. Bd2 Nxc3 11. bxc3 Be7 12. O-O b5 13. axb5 axb5 14. d5 $6 exd5
15. e6 fxe6 16. Nd4 Rb6 $17 {0-1 (30) Sokolsky,A-Goldberg,G Kiev 1957}) 8...
Be7 9. Nd2 (9. e4 O-O {again leads to a theoretical Catalan position}) 9... b5
10. axb5 axb5 11. Bc6 b4 12. Nb5 Rb6 13. Ra8 Rxc6 14. Na7 Nb6 15. Nxc6 Qd5 {
1/2 (15) Razuvaev,Y (2570)-Cvetkovic,S (2430) Stary Smokovec 1990} 16. Rxc8+
Nxc8 17. Nxb4 $11) 8. O-O O-O 9. Nd2 e5 $1 {This break solves Black's problems.
} 10. Nxc4 exd4 11. Qxd4 Nc5 12. Qxd8 Rxd8 13. Bf4 Ne6 (13... Be6 {was even
simpler:} 14. Na2 Bxc4 15. Nxb4 Ne6 {[%cal Rc4e2] , and White must play} 16.
Bxc7 Nxc7 17. Rfc1 Bxe2 18. Rxc7 a5 19. Nc2 Rd2 $11) 14. Be3 $6 (14. Rfd1 $5
Rxd1+ 15. Rxd1 Bd7 $11) 14... a6 ({Black could have seized the initiative by
means of} 14... Nd4 $5 {, although White should hold his ground after} 15. Rfd1
Bxc3 16. bxc3 Nxe2+ 17. Kf1 Rxd1+ 18. Rxd1 Be6 19. Kxe2 Bxc4+ 20. Ke1 Bb3 21.
Rb1 Bxa4 22. Rxb7 Rxb7 23. Bxb7 {Levon Aronian is playing too cautiously and
misses a lot of chances.}) 15. Ne5 Bd6 16. Nc4 Bb4 17. Rfc1 $6 (17. Rfd1 $11)
17... Nd4 18. Bxd4 Rxd4 19. b3 $6 (19. Na2 $142 Be7 20. e3 {M.Notkin}) 19... c6
20. h3 $6 (20. Na2 {[%cal Yc1d1]}) 20... Be6 {Black has already obtained
serious pressure.} 21. e3 $6 (21. Na2 $5 Be7 22. Nc3) 21... Rdd8 $6 {Another
excessive "accuracy", instead of just winning a pawn:} (21... Rd3 22. Na2 (22.
Ne2 Rxb3 23. Nd4 Bxc4 24. Rxc4 Ra3 {was probably what Black missed}) 22... Rxb3
23. Nxb4 Rxb4 $17) 22. Ne2 g6 23. Nd4 {Black is still slightly better but
White defends tenaciously.} Bd5 24. a5 h5 25. Ra4 Bc5 26. Bxd5 Rxd5 27. Ne2 Be7
28. Nc3 Rb5 $5 (28... Rd3 29. Ne5 Rd2 30. Nc4) 29. Nd2 Rb4 30. Rxb4 Bxb4 31.
Nc4 Rd8 32. Na2 Be7 33. Nc3 Nd5 34. Na4 Nb4 35. Kf1 Rd3 36. Rb1 Na2 37. Ra1 Nb4
38. Rb1 Na2 39. Ra1 Nb4 40. Rb1 1/2-1/2

[Event "Olympiad-43"]
[Site "Batumi"]
[Date "2018.09.28"]
[Round "5.2"]
[White "Wojtaszek, Radoslaw"]
[Black "Bacrot, Etienne"]
[Result "1-0"]
[WhiteElo "2727"]
[BlackElo "2678"]
[Annotator "Krasenkow,M"]
[PlyCount "95"]
[EventDate "2018.09.24"]
[EventType "team-swiss"]
[EventRounds "11"]
[EventCountry "GEO"]
[SourceTitle "CBM 187"]
[Source "ChessBase"]
[SourceDate "2018.12.11"]
[SourceVersion "1"]
[SourceVersionDate "2018.12.11"]
[SourceQuality "1"]
[WhiteTeam "Poland"]
[BlackTeam "France"]
[WhiteTeamCountry "POL"]
[BlackTeamCountry "FRA"]

1. d4 d5 2. c4 e6 3. Nc3 Be7 4. Nf3 Nf6 5. Bf4 O-O 6. e3 Nbd7 7. Be2 c6 {
This continuation is obviously less logical than the normal} (7... dxc4 {
, gaining a tempo.}) 8. O-O Nh5 9. Rc1 {A typical idea: White allows Black to
double his pawns but obtains the open e-file and control of the e5 square.} (9.
Bg3 Nxg3 10. hxg3 {is harmless}) ({or} 9. Be5 f6 10. Bg3 Nxg3 ({simpler than} 
10... f5 11. Be5 Nhf6 12. h3 Nxe5 13. Nxe5 Nd7 14. f4 Nxe5 15. fxe5 Bg5 16. Qd2
Bd7 $11 {1-0 (60) Gelfand,B (2740)-Aronian,L (2809) London 2013}) 11. hxg3 f5
12. Rb1 Rf6 13. b4 a6 14. a4 Rh6 15. b5 g5 $132 {1/2 (59) Svane,R (2555)
-Merriman,J (2243) London 2016}) (9. Qc2 $5 Nxf4 10. exf4 dxc4 11. Bxc4 Nb6 (
11... Nf6 12. Rad1 (12. Qe2 Nd5 13. g3 Bf6 14. Ne4 b6 15. Rfd1 Bb7 16. Ne5 Rc8
17. Rac1 Rc7 18. Bd3 {1/2 (76) Deac,B (2543)-Radjabov,T (2710) Bastia 2016})
12... Qc7 13. g3 c5 14. dxc5 Qxc5 15. Ne5 a6 16. Ne4 Nxe4 17. Qxe4 $14 {
1-0 (53) Artemiev,V (2650)-Golubov,S (2347) Baku 2014}) (11... b6 $5 12. Rfe1
g6 13. Rad1 Bb7 14. g3 $6 (14. Ne4 $5) 14... Qc7 15. Ng5 Nf6 16. Qb3 Kh8 17. h4
Rad8 $132 {1/2 (39) Mchedlishvili,M (2619)-Nigalidze,G (2458) Tbilisi 2009})
12. Bd3 g6 13. g3 Nd5 14. a3 Nxc3 (14... Bd7 15. Ne4 Rc8 16. Rac1 b6 17. Qe2
Rc7 18. Ne5 Be8 19. Rc2 f6 20. Nf3 Bf7 21. Rfc1 Qa8 22. h4 $14 {1/2 (53)
Dorfman,J (2580)-Ivkov,B (2505) France 1993}) 15. Qxc3 Qd6 16. Rac1 Rd8 17. Be4
Bd7 18. Rfd1 Be8 19. Ne5 Bf8 20. Qb3 Qe7 21. Rd3 Bg7 22. Rcd1 Rac8 23. Bg2 Rc7
24. h4 $36 {1/2 (62) Tari,A (2450)-Oparin,G (2552) Pune 2014}) 9... Nxf4 10.
exf4 b6 (10... dxc4 11. Bxc4 b6 {allows White to harmoniously arrange his
pieces:} 12. Qe2 (12. Re1 Bb7 13. Qb3 Bd6 14. g3 Nf6 15. Ne5 Nd5 16. f5 Nxc3
17. bxc3 Bxe5 18. Rxe5 exf5 19. Rce1 c5 20. dxc5 Be4 21. Bd5 Rc8 22. cxb6 Qxb6
23. Qxb6 axb6 24. c4 Rc5 $11 {1/2 (39) Sebenik,M (2549)-Spalir,J (2342)
Maribor 2017}) 12... Bb7 13. Rfd1 Rc8 14. Ne5 Nf6 15. a3 Bd6 16. Ba6 Bxa6 17.
Qxa6 Rc7 18. g3 Qc8 19. Qe2 $14 {1-0 (61) Gelfand,B (2731)-Oparin,G (2563)
Moscow 2015}) 11. cxd5 {A common reaction to ...b7-b6.} cxd5 {This gives White
a stable plus as he has initiative on both sides.} (11... exd5 {[%csl Rc6]} 12.
Re1 Bb7 13. g3 $14 {etc. - White doesn't hurry with Nf3-e5 but is ready to
play it at an appropriate moment.} f6 $6 14. Bd3 {is clearly favorable for
White.}) 12. Bd3 Bb7 13. Qe2 a6 14. Rfe1 Bd6 15. Ne5 b5 $6 {Probably a poor
idea: White is able to use the weakness of dark squares in Black's position.} (
15... g6 $142 $14) 16. Nb1 $1 {[%mdl 32]} Nf6 17. Nd2 {[%csl Gd2] From here
White's knight is able to go to f3 (to support White's kingside attack) or to
b3 to control and possibly invade c5 or a5.} Qb6 18. Ndf3 Rac8 19. Rxc8 Bxc8
20. Qe3 h6 $6 {A weakening move, making White's task easier.} (20... Qc7 $142 {
[%cal Yc7e7]}) 21. h4 $6 {An unnecessary "subtlety".} (21. g4 {[%cal Yg4g5]
was quite possible. If} Ne4 {then} 22. Rc1 {etc.}) 21... Ne4 22. Rc1 {Of
course, White ignores Black's e4 knight. He can take it at any appropriate
moment.} f6 $6 (22... Qa5 $142 $1 23. a3 Bb7 {[%cal Yf8c8] with stubborn
defense.}) 23. Ng6 Re8 24. Nd2 $1 f5 {[%csl Re5] Black must weaken his
position even further.} (24... Nxd2 $2 25. Rxc8 $1 $18) 25. Nb3 (25. f3 $5 {
was quite possible. If} Nxd2 26. Rxc8 Rxc8 27. Qxe6+ Kh7 {then} 28. Qxf5 $1 {
, e.g.} Qxd4+ 29. Kh2 Nf1+ 30. Kh3 Ne3 31. Nf8+ Kg8 32. Qe6+ Kxf8 (32... Kh8
33. Ng6+ Kh7 34. Ne5+ $18) 33. Qxd6+ Kg8 34. Qe6+ $18) {However, even after
the text move White keeps a decisive positional advantage.} 25... Qd8 26. h5
Bb7 27. Ne5 Qe7 28. Be2 Rc8 29. g3 Qe8 30. Kg2 {White is not hurrying.} Nf6 31.
Nd3 Rxc1 32. Qxc1 Kh7 (32... Nxh5 $2 33. Na5 $18) 33. Qd1 Ne4 34. Ne5 Nf6 35.
Nc5 Qc8 36. b4 Bc6 37. g4 $1 {Starting a final assault.} Be8 38. Bd3 Kh8 39. f3
a5 40. bxa5 Bxc5 41. Qc2 Qa8 42. Qxc5 Qxa5 43. Qf8+ Kh7 44. gxf5 Qd2+ 45. Kh3
Qe1 46. fxe6+ Ne4 47. Bxe4+ dxe4 48. Qxe8 1-0